| 000 | 00772nam a2200205Ia 4500 | ||
|---|---|---|---|
| 008 | 0000002004 us a 0000000000eng00 | ||
| 020 | _a8488511728 | ||
| 090 | _aPSP00 L11a | ||
| 100 | 1 |
_aLacalle, Abraham _d1962 |
|
| 245 | 1 | 0 |
_aAbraham Lacalle _b: Pinturas de ida y vuelta |
| 300 |
_a23 p. _c/ 29 cm. |
||
| 500 | _aExposición realizada en la Galería Marlborough Chelsea, Nueva York, Enero 10 Febrero 9, 2004 \ Con el patronazgo del maestro venezolano Jesús Rafael Soto (q.e.p.d.) | ||
| 600 | 0 | 0 |
_a LACALLE, ABRAHAM, 1962/ _xTRABAJOS PICTORICOS |
| 650 | 1 | 4 | _a PINTURA ESPAÑOLA |
| 650 | 1 | 4 | _xCATALOGOS |
| 650 | 1 | 4 | _xEXPOSICIONES |
| 650 | 1 | 4 | _aPINTORES ESPAÑOLES |
| 650 | 1 | 4 | _aPINTURA MODERNA ESPAÑOLA |
| 999 |
_c299 _d299 |
||
| 260 |
_aNew York : Marlborough _c2004 |
||